000 00362nam a2200109Ia 4500
008 160909s9999 xx 000 0 und d
100 _aHolewski, Elizabeth.
245 _aConnecting with Nature: The Process in Adventure Programming
260 _bPrescott College
_c2016
650 _aEDUC/SPED
856 _uhttp://pqdtopen.proquest.com/doc/1796968895.html?FMT=ABS
999 _c305043
_d305043